| 000 | 01532cam a2200361 i 4500 | ||
|---|---|---|---|
| 999 |
_c64678 _d64678 |
||
| 001 | 4087452 | ||
| 003 | CO-MdFUSB | ||
| 005 | 20181031091046.0 | ||
| 008 | 750318s1974 nyu g b 001 0 eng | ||
| 010 | _a 73018703 | ||
| 020 |
_a0060659017 : _c$10.00 |
||
| 040 |
_aDLC _cCO-MdFUSB _dCO-MdFUSB _bspa _erda |
||
| 041 | 1 | _aeng | |
| 082 | 0 | 0 |
_224 _aG 232.8 _bM729c |
| 100 | 1 |
_aMoltmann, Jürgen. _eautor |
|
| 240 | 1 | 0 | _aDer Gekreuzigte Gott. |
| 245 | 1 | 4 |
_aThe crucified God _b: the cross of Christ as the foundation and criticism of Christian theology _c/ Jürgen Moltmann ; [traducido por R. A. Wilson y John Bowden de el Alemán]. |
| 250 | _a1st U.S. ed. | ||
| 264 | 1 |
_aNew York : _bHarper & Row, _c℗[1974] |
|
| 264 | 4 | _c©1974 | |
| 300 |
_a346 páginas ; _c22 cm. |
||
| 336 |
_2rdacontent _atexto _btxt |
||
| 337 |
_2rdamedia _asin mediación _bn |
||
| 338 |
_2rdacarrier _avolumen _bnc |
||
| 500 | _aTranslation of Der gekreuzigte Gott. | ||
| 504 | _aIncluye índice (páginas 342- 346) | ||
| 505 | _aLa identidad y la relevancia de la fe -- La resistencia de la cruz contra sus interpretaciones -- Preguntas sobre Jesús -- La prueba histórica de Jesús -- La prueba escatológica de Jesucristo -- El Dios crucificado -- Maneras hacia la liberación psicológica del hombre -- Caminos hacia la liberación política del hombre. | ||
| 650 | 7 |
_9239 _aCristología |
|
| 906 |
_a7 _bcbc _corignew _d2 _eocip _f19 _gy-gencatlg |
||
| 942 | _cBK | ||